00376nam a2200133 a 450000500170000000800410001702000180005805000240007610000220010024500610012226000350018330000070021844000170022520140412111417.0070806s19uu xx 00 eng d a0-03-028043-5 aTR(GS 507bA88 1989 aAbruscato, Joseph aHolt Science 2 :bActivity Handbook /cJoseph Abruscato. aU.S.A :bHolt Rinehart,c1989. a86 aHolt Science